| 000 | 00440nam a2200181Ia 4500 | ||
|---|---|---|---|
| 001 | 19042 | ||
| 005 | 20260306171715.0 | ||
| 008 | 260306s9999||||xx |||||||||||||| ||und|| | ||
| 041 | _aESP | ||
| 082 |
_a658.8 _bB78 |
||
| 100 |
_aBoxwell, Robert J. _eAUT |
||
| 245 | 0 | _aBenchmarking para competir con ventaja | |
| 260 | _c1994 | ||
| 300 |
_axiii, 203 páginas : _c23 cm. |
||
| 650 | _aGEN | ||
| 654 | _aCAN | ||
| 942 |
_cLIB _dJUS _fJUS _2ddc _n |
||
| 999 |
_c19042 _d19042 |
||